Countries Simply Full of Themselves... Quiz Stats

 Plays Quiz not verified by Sporcle

Challenge
Share
Tweet
Score 0/17 Timer 04:00
0 Plays Today
% Correct
Canada
99.2%
Russia
98.9%
United States of America
98.6%
China
98%
Australia
97.7%
Brazil
97.7%
India
96.1%
Iran
88.2%
Mongolia
87.9%
% Correct
Kazakhstan
86.2%
Algeria
85.4%
Libya
83.9%
Sudan
79.4%
Turkey
78.3%
Denmark
74.9%
Mali
74.4%
Ukraine
71.8%

You're not logged in!

Compare scores with friends on all Sporcle quizzes.
OR
Log In

You Might Also Like...

Show Comments

Extras

Top Quizzes Today


Score Distribution

Your Account Isn't Verified!

In order to create a playlist on Sporcle, you need to verify the email address you used during registration. Go to your Sporcle Settings to finish the process.

Report this User

Report this user for behavior that violates our Community Guidelines.

Details: